01133nam a2200265 a 4500001001000000003000400010005001700014008003800031040002500069082000800094245007500102260005800177300002500235490004400260500004900304590002600353700004000379830004700419942001300466952012000479952011700599952012000716956001400836999001700850000020684OSt20200930011139.0100812s2017 dr c 000 spa d aDO-SdBNPbspacBNPHU bE5600aEncuentros en la República Dominicana.cfotografías Miguel Sarró aSanto Domingo,c2017.bArchivo General de la Nación a95 pbretrs.c22 cm.1 aArchivo General de la Nación ;v289 ; aIncluye datos biográficos del fotógrafo  aInventariado, 2020/YL12aSarró, Migueld1968-efot.976567 0aArchivo General de la Naciónl289976568 2ddccLF1 00102ddc56708MOaGRbGRcCTd2020-03-17eEditora BuhoiLF1l0oE56rp20684-30r2020-06-25te.3w2020-06-25yLF1 00102ddc50708MOaPDbPDcCTd2020-03-17eEditora BúhoiLF1l0oE56rp20684-10r2020-06-25w2020-06-25yLF1 00102ddc728MOaPDbPDcCTd2020-03-17eEditora BúhoiLF1l0oE56rp20684-20r2020-06-25te. 2w2020-06-25yLF1 aYLOCKWARD c20188d20188